Biblioteca "Ernesto Sabato"
Facultad de Derecho y Ciencias Sociales
Facultad de Lenguas
Universidad Nacional del Comahue

El moscón (Record no. 21873)

MARC details
000 -CABECERA
campo de control de longitud fija 00533caa a22001572a 4500
001 - NÚMERO DE CONTROL
campo de control 016115
003 - IDENTIFICADOR DEL NÚMERO DE CONTROL
campo de control AR-FADEU
008 - DATOS DE LONGITUD FIJA--INFORMACIÓN GENERAL
campo de control de longitud fija 311216n########xxu####################dd
092 ## - ASIGNACIÓN LOCAL DE SIGNATURA TOPOGRÁFICA DEWEY (OCLC)
Número de clasificación A863.4
Número de documento/Ítem E83v
100 ## - ENTRADA PRINCIPAL--NOMBRE DE PERSONA
Nombre de persona Kohon, David José
245 ## - MENCIÓN DE TÍTULO
Título El moscón
300 ## - DESCRIPCIÓN FÍSICA
Extensión PP. 79-88
500 ## - NOTA GENERAL
Nota general En: Veinte cuentos de Buenos Aires / Nira Etchenique. Buenos Aires : Companía General Fabril, 1961
773 0# - ENLACE AL DOCUMENTO FUENTE/ENTRADA DE REGISTRO ANFITRIÓN
Número bibliográfico anfitrión 21863
Número de ítem anfitrión 21707
Encabezamiento principal Etchenique, Nira
Edición
Lugar, editor y fecha de publicación Buenos Aires
Otro identificador del documento 44
Título Veinte cuentos de Buenos Aires
Número de control del registro ( AR-FADEU) 016105
Número Internacional Normalizado para Publicaciones Seriadas
Número Internacional Estándar del Libro
942 ## - ELEMENTOS DE PUNTO DE ACCESO ADICIONAL (KOHA)
Tipo de ítem Koha BDGR

No items available.

Facultad de Derecho y Ciencias Sociales | Universidad Nacional del Comahue | Mendoza y Perú General Roca | Río Negro CP (8332) | Patagonia Argentina | Teléfono: 54-0298-4433670 | | Fax: 0298-4432093 | Fax alumnos: 0298-4435700